000 00957nam a22002417a 4500
005 20240530110925.0
008 220221s1984 ua c g b 000 0 ara d
040 _aEG-CaGPL
_cEG-CaGPL
082 0 4 _221
_a811.082 /
_bا ش
100 0 _aابراهيم شحادة الخواجة
245 1 2 _aشعر الصراع السياسى فى القرن الثانى الهجرى /
_cابراهيم شحادة الخواجة
260 _aالكويت :
_bمنشورات شركة كاظمة للنشر والترجمة والتوزيع ،
_c1984
300 _a394 ص؛
_c24 سم
650 0 7 _aالعصر الاموى
_2qrmak
650 0 7 _aالشعر
650 0 7 _aالشيعة
_2qrmak
650 0 7 _aشعراء الشيعة
_2qrmak
650 0 7 _aشعراء الخوراج
_2qrmak
650 0 7 _aشعراء الموالى
_2qrmak
650 0 7 _aالخوراج - الدولة الاموية
_2qrmak
942 _2ddc
_cBK
999 _c66548
_d66548